| 000 | 00370cam a2200145ua 4500 | ||
|---|---|---|---|
| 041 |
_aeng _h |
||
| 082 |
_a823.308 _bGIS/NE |
||
| 100 | _aGissing, George . | ||
| 245 |
_aNew grab street: A novel / _cGeorge Gissing. _hTextual Documents |
||
| 260 |
_aLondon : _bOxford University Press , _c1958. |
||
| 300 | _a544 ; . | ||
| 504 | _a | ||
| 942 | _cBK | ||
| 999 |
_c2512 _d2512 |
||